Peniaze v športe najlepšie zaplatení športovci

Sto najlepšie platených športovcov za posledných 12 mesiacov. Najlukratívnejšia udalosť v dejinách športu - zápas boxerov Mayweather-Pacquiao, ktorého tržby dosiahli 600 miliónov dolárov. Do Top 100 patria dve ženy - Maria Šarapovová a Serena Williams.

Gespeichert in:
Bibliographische Detailangaben
Format: Buchkapitel
Sprache:Slowakisch
Schlagworte:
Tags: Tag hinzufügen
Keine Tags, Fügen Sie das erste Tag hinzu!

MARC

LEADER 00000naa a2200000 4500
001 0204854
005 20231013091709.2
041 0 |a slo 
044 |a SK 
245 1 0 |a Peniaze v športe  |b najlepšie zaplatení športovci 
520 |a Sto najlepšie platených športovcov za posledných 12 mesiacov. Najlukratívnejšia udalosť v dejinách športu - zápas boxerov Mayweather-Pacquiao, ktorého tržby dosiahli 600 miliónov dolárov. Do Top 100 patria dve ženy - Maria Šarapovová a Serena Williams. 
610 2 0 |a šport 
610 2 0 |a financie 
610 2 0 |a mzdy 
610 2 0 |a sponzorovanie 
610 2 0 |a súťaže 
610 2 0 |a muži 
610 2 0 |a ženy